Fundamentals of Investments:Valuation and Management (Record no. 4732)

MARC details
005 - DATE AND TIME OF LATEST TRANSACTION
control field 20250624070837.0
020 ## - INTERNATIONAL STANDARD BOOK NUMBER
International Standard Book Number 978-0-07-302721-0
082 ## - DEWEY DECIMAL CLASSIFICATION NUMBER
Classification number 332.6 JOR
100 ## - MAIN ENTRY--PERSONAL NAME
Author name JORDAN,Bradford D
245 ## - TITLE STATEMENT
Title Fundamentals of Investments:Valuation and Management
250 ## - EDITION STATEMENT
Edition statement 4th Ed.
260 ## - PUBLICATION, DISTRIBUTION, ETC.
Place of publication, distribution, etc. Boston
Name of publisher, distributor, etc. McGraw-Hill Irwin,
Date of publication, distribution, etc. 2008.
300 ## - PHYSICAL DESCRIPTION
Extent xxxvii,708p.;ill Figure
Other physical details Index
Dimensions 28cm
700 ## - ADDED ENTRY--PERSONAL NAME
Other authors/Editors Thomas W Miller Jr
942 ## - ADDED ENTRY ELEMENTS (KOHA)
Source of classification or shelving scheme Dewey Decimal Classification
Koha item type Books
Holdings
Date last seen Total checkouts Full call number Barcode Cost, replacement price Price effective from Koha item type Lost status Source of classification or shelving scheme Damaged status Not for loan Withdrawn status Home library Current library Shelving location Date acquired Source of acquisition Cost, normal purchase price
06/24/2025   332.6 JOR MZA0002066 150000.00 06/11/2024 Books   Dewey Decimal Classification       CBE Mwanza CBE Mwanza Special Reserve Collection 07/01/2024 Library Budget 50000.00
06/24/2025   332.6 JOR MZA0002067 150000.00 06/11/2024 Books   Dewey Decimal Classification       CBE Mwanza CBE Mwanza Special Reserve Collection 07/01/2024 Library Budget 50000.00
06/24/2025   332.6 JOR MZA0002068 150000.00 06/11/2024 Books   Dewey Decimal Classification       CBE Mwanza CBE Mwanza Special Reserve Collection 07/01/2024 Library Budget 50000.00